000 00994cam a2200325 a 4500
001 58513
003 CO-BoRNBP
005 20250825170732.0
007 ta
008 930329s1979 sp gr 00010 spa d
020 _a8470805150
040 _ala
_bspa
_cCO-BoBLA
041 0 _aspa
082 0 4 _aI808.831
_bN39a
_219 ed.
084 _aC NEV
100 1 _aNevil, E. M.
_961466
245 1 0 _aAh-Fu, el niño del río /
_cE. M. Nevil, E. A. Wood ; adaptación al castellano Itsuko Watanabe ; edición de José María Carandell.
250 _a2a. ed.
300 _a65 p ;
_c21 cm.
336 _2rdacontent
_atexto
_btxt
337 _2rdamedia
_asin mediación
_bn
338 _2rdacarrier
_avolumen
_bnc
490 1 _aMoby Dick. Biblioteca de bolsillo junior
650 7 _aCuentos infantiles.
_2BLAAUTO
700 1 _aWood, E. A.
_961467
700 1 _aWatanabe, Itsuko,
_etr.
_961468
700 1 _aCarandell, José María,
_d1934-2003,
_ed.
942 _2ddc
_cBK
949 _an
_bn
999 _c58513
_d58513